000 00695nam a2200253Ia 4500
003 OSt
005 20221007113437.0
006 a|||||r|||| 00| 0
007 ta
008 221006b |||||||| |||| 00| 0 eng d
024 _a31,146
037 _cTextual
040 _aLCO
_cLCO
_beng
041 _2eng
_aeng
082 _aZ2,7,16, Q2
100 _aRay Sukumar
_959054
245 0 _aAlternative Dispute Resolution
_b Along with the Gram Nyayalayas act
250 _aIst
260 _aKolkatat
_bEastern Law House Pvt. Ltd. India
_c2012
300 _a496
650 _aDISPUTE RESOLUTION
942 _hZ2,7,16, Q2
_cTEXL
999 _c1200709
_d1200709